<?xml version="1.0" encoding="UTF-8"?>
<record
    xmlns:xsi="http://www.w3.org/2001/XMLSchema-instance"
    xsi:schemaLocation="http://www.loc.gov/MARC21/slim http://www.loc.gov/standards/marcxml/schema/MARC21slim.xsd"
    xmlns="http://www.loc.gov/MARC21/slim">

  <leader>02091nam0a2200397 i 4500</leader>
  <controlfield tag="001">RU\NLR\bibl\1959771</controlfield>
  <controlfield tag="005">20260407124418.0</controlfield>
  <datafield tag="010" ind1=" " ind2=" ">
    <subfield code="a">9785703208663</subfield>
    <subfield code="9">400</subfield>
  </datafield>
  <datafield tag="021" ind1=" " ind2=" ">
    <subfield code="a">RU</subfield>
    <subfield code="b">2012-74671</subfield>
    <subfield code="9">5528</subfield>
  </datafield>
  <datafield tag="035" ind1=" " ind2=" ">
    <subfield code="a">(nilc)RSL-KNO-005504988</subfield>
  </datafield>
  <datafield tag="035" ind1=" " ind2=" ">
    <subfield code="a">(NLR Aleph) 001948798</subfield>
  </datafield>
  <datafield tag="090" ind1=" " ind2=" ">
    <subfield code="a">3666446</subfield>
    <subfield code="c">3666446</subfield>
  </datafield>
  <datafield tag="100" ind1=" " ind2=" ">
    <subfield code="a">20121008d2012    u  y0rusy50      ca</subfield>
  </datafield>
  <datafield tag="101" ind1="0" ind2=" ">
    <subfield code="a">rus</subfield>
  </datafield>
  <datafield tag="102" ind1=" " ind2=" ">
    <subfield code="a">RU</subfield>
  </datafield>
  <datafield tag="105" ind1=" " ind2=" ">
    <subfield code="a">a   |||||||||</subfield>
  </datafield>
  <datafield tag="200" ind1="1" ind2=" ">
    <subfield code="a">&#x422;&#x440;&#x430;&#x432;&#x43C;&#x430;&#x442;&#x43E;&#x43B;&#x43E;&#x433;&#x438;&#x44F; &#x447;&#x435;&#x43B;&#x44E;&#x441;&#x442;&#x43D;&#x43E;-&#x43B;&#x438;&#x446;&#x435;&#x432;&#x43E;&#x439; &#x43E;&#x431;&#x43B;&#x430;&#x441;&#x442;&#x438; &#x438; &#x432;&#x43E;&#x435;&#x43D;&#x43D;&#x43E;-&#x43F;&#x43E;&#x43B;&#x435;&#x432;&#x430;&#x44F; &#x441;&#x442;&#x43E;&#x43C;&#x430;&#x442;&#x43E;&#x43B;&#x43E;&#x433;&#x438;&#x44F;</subfield>
    <subfield code="e">&#x443;&#x447;&#x435;&#x431;&#x43D;&#x43E;&#x435; &#x43F;&#x43E;&#x441;&#x43E;&#x431;&#x438;&#x435;</subfield>
    <subfield code="e">[&#x434;&#x43B;&#x44F; &#x441;&#x442;&#x443;&#x434;&#x435;&#x43D;&#x442;&#x43E;&#x432; &#x441;&#x442;&#x43E;&#x43C;&#x430;&#x442;&#x43E;&#x43B;&#x43E;&#x433;&#x438;&#x447;&#x435;&#x441;&#x43A;&#x438;&#x445; &#x438; &#x43B;&#x435;&#x447;&#x435;&#x431;&#x43D;&#x44B;&#x445; &#x444;&#x430;&#x43A;&#x443;&#x43B;&#x44C;&#x442;&#x435;&#x442;&#x43E;&#x432;, &#x43F;&#x43E;&#x441;&#x43B;&#x435;&#x434;&#x438;&#x43F;&#x43B;&#x43E;&#x43C;&#x43D;&#x43E;&#x433;&#x43E; &#x443;&#x441;&#x43E;&#x432;&#x435;&#x440;&#x448;&#x435;&#x43D;&#x441;&#x442;&#x432;&#x43E;&#x432;&#x430;&#x43D;&#x438;&#x44F; &#x432;&#x440;&#x430;&#x447;&#x435;&#x439;-&#x441;&#x442;&#x43E;&#x43C;&#x430;&#x442;&#x43E;&#x43B;&#x43E;&#x433;&#x43E;&#x432; &#x438; &#x447;&#x435;&#x43B;&#x44E;&#x441;&#x442;&#x43D;&#x43E;-&#x43B;&#x438;&#x446;&#x435;&#x432;&#x44B;&#x445; &#x445;&#x438;&#x440;&#x443;&#x440;&#x433;&#x43E;&#x432;]</subfield>
    <subfield code="f">&#x41D;&#x438;&#x436;&#x435;&#x433;&#x43E;&#x440;&#x43E;&#x434;&#x441;&#x43A;&#x430;&#x44F; &#x433;&#x43E;&#x441;. &#x43C;&#x435;&#x434;. &#x430;&#x43A;&#x430;&#x434;.</subfield>
    <subfield code="g">[&#x415;. &#x410;. &#x414;&#x443;&#x440;&#x43D;&#x43E;&#x432;&#x43E; &#x438; &#x434;&#x440;.]</subfield>
    <subfield code="g">&#x43F;&#x43E;&#x434; &#x440;&#x435;&#x434;. &#x434;.&#x43C;.&#x43D;., &#x43F;&#x440;&#x43E;&#x444;. &#x415;. &#x410;. &#x414;&#x443;&#x440;&#x43D;&#x43E;&#x432;&#x43E;</subfield>
  </datafield>
  <datafield tag="210" ind1=" " ind2=" ">
    <subfield code="a">&#x41D;&#x438;&#x436;&#x43D;&#x438;&#x439; &#x41D;&#x43E;&#x432;&#x433;&#x43E;&#x440;&#x43E;&#x434;</subfield>
    <subfield code="c">&#x418;&#x437;&#x434;-&#x432;&#x43E; &#x41D;&#x438;&#x436;&#x413;&#x41C;&#x410;</subfield>
    <subfield code="d">2012</subfield>
  </datafield>
  <datafield tag="215" ind1=" " ind2=" ">
    <subfield code="a">229, [1] &#x441;.</subfield>
    <subfield code="c">&#x438;&#x43B;., &#x442;&#x430;&#x431;&#x43B;.</subfield>
    <subfield code="d">21</subfield>
  </datafield>
  <datafield tag="320" ind1=" " ind2=" ">
    <subfield code="a">&#x411;&#x438;&#x431;&#x43B;&#x438;&#x43E;&#x433;&#x440;.: &#x441;. 180-182 (34 &#x43D;&#x430;&#x437;&#x432;.)</subfield>
  </datafield>
  <datafield tag="606" ind1=" " ind2=" ">
    <subfield code="a">&#x412;&#x43E;&#x435;&#x43D;&#x43D;&#x43E;-&#x43F;&#x43E;&#x43B;&#x435;&#x432;&#x430;&#x44F; &#x441;&#x442;&#x43E;&#x43C;&#x430;&#x442;&#x43E;&#x43B;&#x43E;&#x433;&#x438;&#x44F;</subfield>
    <subfield code="j">&#x423;&#x447;&#x435;&#x431;&#x43D;&#x44B;&#x435; &#x438;&#x437;&#x434;&#x430;&#x43D;&#x438;&#x44F;</subfield>
    <subfield code="9">2119534</subfield>
    <subfield code="3">RU\NLR\auth\661583660</subfield>
  </datafield>
  <datafield tag="606" ind1="1" ind2=" ">
    <subfield code="a">&#x427;&#x435;&#x43B;&#x44E;&#x441;&#x442;&#x43D;&#x43E;-&#x43B;&#x438;&#x446;&#x435;&#x432;&#x430;&#x44F; &#x43E;&#x431;&#x43B;&#x430;&#x441;&#x442;&#x44C;</subfield>
    <subfield code="j">&#x423;&#x447;&#x435;&#x431;&#x43D;&#x44B;&#x435; &#x438;&#x437;&#x434;&#x430;&#x43D;&#x438;&#x44F;</subfield>
    <subfield code="x">&#x422;&#x440;&#x430;&#x432;&#x43C;&#x44B;</subfield>
    <subfield code="9">1336827</subfield>
    <subfield code="3">RU\NLR\auth\66241832</subfield>
  </datafield>
  <datafield tag="686" ind1=" " ind2=" ">
    <subfield code="a">&#x420;665.808.13,07</subfield>
    <subfield code="2">rubbk</subfield>
  </datafield>
  <datafield tag="686" ind1=" " ind2=" ">
    <subfield code="a">&#x420;669,07</subfield>
    <subfield code="2">rubbk</subfield>
  </datafield>
  <datafield tag="686" ind1=" " ind2=" ">
    <subfield code="a">&#x420;669&#x44F;7</subfield>
  </datafield>
  <datafield tag="686" ind1=" " ind2=" ">
    <subfield code="a">&#x420;665.83&#x44F;7</subfield>
  </datafield>
  <datafield tag="686" ind1=" " ind2=" ">
    <subfield code="a">&#x426;7,6(2&#x420;)6&#x44F;7</subfield>
  </datafield>
  <datafield tag="702" ind1=" " ind2="1">
    <subfield code="4">220</subfield>
    <subfield code="7">ca</subfield>
    <subfield code="8">rus</subfield>
    <subfield code="a">&#x414;&#x443;&#x440;&#x43D;&#x43E;&#x432;&#x43E;</subfield>
    <subfield code="b">&#x415;. &#x410;.</subfield>
    <subfield code="g">&#x415;&#x432;&#x433;&#x435;&#x43D;&#x438;&#x44F; &#x410;&#x43B;&#x435;&#x43A;&#x441;&#x430;&#x43D;&#x434;&#x440;&#x43E;&#x432;&#x43D;&#x430;</subfield>
    <subfield code="9">257160</subfield>
    <subfield code="3">RU\NLR\AUTH\770257216</subfield>
  </datafield>
  <datafield tag="712" ind1="0" ind2="2">
    <subfield code="4">570</subfield>
    <subfield code="a">&#x41D;&#x438;&#x436;&#x435;&#x433;&#x43E;&#x440;&#x43E;&#x434;&#x441;&#x43A;&#x430;&#x44F; &#x433;&#x43E;&#x441;&#x443;&#x434;&#x430;&#x440;&#x441;&#x442;&#x432;&#x435;&#x43D;&#x43D;&#x430;&#x44F; &#x43C;&#x435;&#x434;&#x438;&#x446;&#x438;&#x43D;&#x441;&#x43A;&#x430;&#x44F; &#x430;&#x43A;&#x430;&#x434;&#x435;&#x43C;&#x438;&#x44F;</subfield>
    <subfield code="3">RU\NLR\AUTH\889965730</subfield>
    <subfield code="9">427722</subfield>
  </datafield>
  <datafield tag="801" ind1=" " ind2="0">
    <subfield code="a">RU</subfield>
    <subfield code="b">RuMoRKP</subfield>
    <subfield code="c">20121008</subfield>
    <subfield code="g">rcr</subfield>
  </datafield>
  <datafield tag="801" ind1=" " ind2="1">
    <subfield code="a">RU</subfield>
    <subfield code="b">&#x420;&#x413;&#x411;</subfield>
    <subfield code="c">20121008</subfield>
  </datafield>
  <datafield tag="801" ind1=" " ind2="2">
    <subfield code="a">RU</subfield>
    <subfield code="b">NLR</subfield>
    <subfield code="c">20121024</subfield>
    <subfield code="g">rcr</subfield>
  </datafield>
  <datafield tag="942" ind1=" " ind2=" ">
    <subfield code="c">BOOK</subfield>
  </datafield>
  <datafield tag="980" ind1=" " ind2=" ">
    <subfield code="a">NBR</subfield>
  </datafield>
</record>
